[Event "Madrid-chT 2223"]
[Site "Madrid"]
[Date "2023.02.26"]
[Round "11.6"]
[White "Gallego Bergada, Antoni"]
[Black "Yañez Rodriguez, Wilbert"]
[Result "1/2-1/2"]
[WhiteElo "2138"]
[BlackElo "2103"]
[PlyCount "111"]
[EventDate "2022.11.20"]
[EventType "team-tourn"]
[EventRounds "14"]
[EventCountry "ESP"]
[SourceTitle "Ajedrez en Madrid"]
[Source "lmi"]
[SourceDate "2022.11.21"]
[SourceVersion "1"]
[SourceVersionDate "2023.03.23"]
[SourceQuality "1"]
[WhiteTeam "San Fernando de Henares"]
[BlackTeam "Alcala de Henares"]
[WhiteTeamCountry "ESP"]
[BlackTeamCountry "ESP"]

1. e4 c5 2. Nf3 g6 3. d4 cxd4 4. Nxd4 Nc6 5. Nc3 Bg7 6. Be3 Nf6 7. Bc4 Qa5 8.
O-O O-O 9. Nb3 Qc7 10. Bg5 a6 11. a4 d6 12. Bxf6 exf6 13. Nd5 Qd8 14. c3 f5 15.
exf5 Bxf5 16. Ne3 Be6 17. Bxe6 fxe6 18. Qg4 Qf6 19. Rad1 Rad8 20. Rd2 h5 21.
Qh3 Bh6 22. Ng4 hxg4 23. Qxh6 Rd7 24. Qe3 Ne5 25. Qg3 Qf4 26. Qxf4 Rxf4 27. Rd4
Rxd4 28. Nxd4 Kf7 29. Re1 Kf6 30. h3 Re7 31. hxg4 Nxg4 32. f3 Ne5 33. Rd1 g5
34. Kf2 Rh7 35. Nc2 d5 36. Ne3 Rh5 37. b3 Rh7 38. Ke2 Rc7 39. Kd2 Rh7 40. Ke2
Rh2 41. Kf2 Rh5 42. Ke2 a5 43. Kf2 b6 44. Ke2 Rh7 45. Kd2 Ng6 46. Ng4+ Kf5 47.
Re1 e5 48. g3 Rh3 49. Rg1 Ne7 50. Ke3 Nc6 51. Kf2 d4 52. cxd4 Nxd4 53. Re1 Nc6
54. Rc1 Nd4 55. Re1 Nc6 56. Rc1 1/2-1/2

[Event "Madrid-chT 2223"]
[Site "Madrid"]
[Date "2023.02.25"]
[Round "11.1"]
[White "Moreno Trujillo, Alejandro"]
[Black "Martinez Conde Hernandez, Carlos"]
[Result "1-0"]
[WhiteElo "2498"]
[BlackElo "2245"]
[PlyCount "83"]
[EventDate "2022.11.20"]
[EventType "team-tourn"]
[EventRounds "14"]
[EventCountry "ESP"]
[SourceTitle "Ajedrez en Madrid"]
[Source "lmi"]
[SourceDate "2022.11.21"]
[SourceVersion "1"]
[SourceVersionDate "2023.03.23"]
[SourceQuality "1"]
[WhiteTeam "Villalba 64"]
[BlackTeam "Virgen de Atocha"]
[WhiteTeamCountry "ESP"]
[BlackTeamCountry "ESP"]

1. d4 Nf6 2. c4 e6 3. g3 d5 4. Nf3 Bb4+ 5. Bd2 Be7 6. Bg2 O-O 7. O-O Nbd7 8.
Qc2 Ne4 9. Bf4 c6 10. Nbd2 g5 11. Be3 Nd6 12. Ne1 Nf5 13. Qd3 Kh8 14. Nc2 a5
15. Rad1 b5 16. cxd5 cxd5 17. Nf3 b4 18. Qd2 Nxe3 19. Nxe3 f5 20. Nc2 g4 21.
Nfe1 Bg5 22. e3 Ba6 23. Nd3 Rf6 24. f4 gxf3 25. Bxf3 Rc8 26. Nce1 Qf8 27. Ng2
Nb6 28. Qf2 Qh6 29. h4 Rg8 30. hxg5 Rxg5 31. Ngf4 Bxd3 32. Rxd3 Qh4 33. Kg2 Rh6
34. Rg1 Rg8 35. Kf1 Qe7 36. Rd1 Nc4 37. b3 Nd6 38. Kg2 Nb5 39. Rh1 Rxh1 40.
Rxh1 Nc3 41. Rh6 e5 42. Re6 1-0

[Event "Madrid-chT 2223"]
[Site "Madrid"]
[Date "2023.02.25"]
[Round "11.2"]
[White "Fernandez de Bobadilla, Gabriel"]
[Black "Valles Moreno, Ivan"]
[Result "0-1"]
[WhiteElo "2163"]
[BlackElo "2341"]
[PlyCount "80"]
[EventDate "2022.11.20"]
[EventType "team-tourn"]
[EventRounds "14"]
[EventCountry "ESP"]
[SourceTitle "Ajedrez en Madrid"]
[Source "lmi"]
[SourceDate "2022.11.21"]
[SourceVersion "1"]
[SourceVersionDate "2023.03.23"]
[SourceQuality "1"]
[WhiteTeam "Virgen de Atocha"]
[BlackTeam "Villalba 64"]
[WhiteTeamCountry "ESP"]
[BlackTeamCountry "ESP"]

1. d4 Nf6 2. c4 d6 3. Nf3 g6 4. Nc3 Bg7 5. e4 O-O 6. h3 Na6 7. Bd3 e5 8. d5 Nc5
9. Bc2 a5 10. Bg5 Bd7 11. Nd2 Qe8 12. Qe2 Nh5 13. g3 a4 14. Nb5 Qb8 15. Rb1 c6
16. Nc3 cxd5 17. Nxd5 b5 18. g4 Nf4 19. Nxf4 exf4 20. Bxf4 bxc4 21. O-O Ne6 22.
Be3 Nd4 23. Bxd4 Bxd4 24. Qxc4 Ba7 25. Qe2 d5 26. Kg2 Qf4 27. Rfe1 Rae8 28. Nf1
dxe4 29. Ne3 Bb8 30. Rh1 Bc6 31. b4 Re6 32. b5 Qf3+ 33. Qxf3 exf3+ 34. Kg1 Bxb5
35. h4 Rc8 36. Bd1 Bd3 37. Rxb8 Rxb8 38. Bxa4 Rb1+ 39. Kh2 Rxh1+ 40. Kxh1 Rxe3
0-1

[Event "Madrid-chT 2223"]
[Site "Madrid"]
[Date "2023.02.25"]
[Round "11.3"]
[White "Lopez del Alamo, Antonio"]
[Black "Horcajada Reales, Guillermo"]
[Result "1-0"]
[WhiteElo "2275"]
[BlackElo "2081"]
[PlyCount "125"]
[EventDate "2022.11.20"]
[EventType "team-tourn"]
[EventRounds "14"]
[EventCountry "ESP"]
[SourceTitle "Ajedrez en Madrid"]
[Source "lmi"]
[SourceDate "2022.11.21"]
[SourceVersion "1"]
[SourceVersionDate "2023.03.23"]
[SourceQuality "1"]
[WhiteTeam "Villalba 64"]
[BlackTeam "Virgen de Atocha"]
[WhiteTeamCountry "ESP"]
[BlackTeamCountry "ESP"]

1. e4 e6 2. Qe2 c5 3. Nf3 Nc6 4. g3 d6 5. Bg2 g6 6. O-O Bg7 7. c3 Nge7 8. Rd1
e5 9. Na3 O-O 10. Nc2 Qb6 11. Ne3 Kh8 12. Nd5 Nxd5 13. exd5 Nb8 14. d4 cxd4 15.
cxd4 Nd7 16. Be3 e4 17. Nd2 Nf6 18. Bxe4 Qxb2 19. Rab1 Qxa2 20. Ra1 Qb2 21.
Rdb1 Qc3 22. Rc1 Qb4 23. Bf3 Qb6 24. Nc4 Qd8 25. Bf4 Ne8 26. Qb2 b5 27. Qxb5
Bxd4 28. Ra2 Bf5 29. Ne3 Bd7 30. Qd3 Bg7 31. h4 a5 32. Qa3 Bb5 33. Rb1 Qd7 34.
Rc2 Bd4 35. Rd2 Bg7 36. Rc1 Kg8 37. Nc4 Ra6 38. Qe3 Nf6 39. Na3 Re8 40. Qb3 Ba4
41. Qd3 Rb6 42. Nb1 Bb3 43. Rc6 Reb8 44. Na3 a4 45. Nc4 Bxc4 46. Qxc4 a3 47.
Bxd6 Rb1+ 48. Kg2 Ra8 49. Ra2 Ne8 50. Rxa3 Rd8 51. Bf4 Rb2 52. Re3 Nf6 53. Rd6
Qxd6 54. Bxd6 Rxd6 55. Qc8+ Bf8 56. g4 h5 57. g5 Nd7 58. Qc7 Rb8 59. Rc3 Re8
60. Rc6 Rxc6 61. Qxc6 Rd8 62. Qc7 Be7 63. d6 1-0

[Event "Madrid-chT 2223"]
[Site "Madrid"]
[Date "2023.02.25"]
[Round "11.4"]
[White "Recuenco Andres, Javier"]
[Black "Sanchez Alvares, Kelvin Antonio"]
[Result "0-1"]
[WhiteElo "1927"]
[BlackElo "2250"]
[PlyCount "82"]
[EventDate "2022.11.20"]
[EventType "team-tourn"]
[EventRounds "14"]
[EventCountry "ESP"]
[SourceTitle "Ajedrez en Madrid"]
[Source "lmi"]
[SourceDate "2022.11.21"]
[SourceVersion "1"]
[SourceVersionDate "2023.03.23"]
[SourceQuality "1"]
[WhiteTeam "Virgen de Atocha"]
[BlackTeam "Villalba 64"]
[WhiteTeamCountry "ESP"]
[BlackTeamCountry "ESP"]

1. Nf3 c5 2. e4 d6 3. Nc3 Nf6 4. h3 g6 5. Bb5+ Nbd7 6. a4 Bg7 7. O-O O-O 8. d4
cxd4 9. Nxd4 Nc5 10. Re1 a6 11. Bf1 Bd7 12. e5 dxe5 13. Rxe5 Ne6 14. Nxe6 Bxe6
15. Qxd8 Rfxd8 16. Re1 Rac8 17. Be3 Bf5 18. Rac1 h5 19. Bg5 Rd7 20. f3 Nh7 21.
Bxe7 Rd2 22. Re2 Bxc3 23. bxc3 Rxe2 24. Bxe2 Re8 25. Bxa6 Rxe7 26. Bd3 Be6 27.
c4 Rc7 28. Rb1 Nf6 29. g4 hxg4 30. hxg4 Bxc4 31. Kf2 Nd5 32. Be4 Nc3 33. Rb4
Nxe4+ 34. fxe4 Be6 35. Kg3 Rxc2 36. Rxb7 Rc4 37. a5 Rxe4 38. a6 Rxg4+ 39. Kf2
Ra4 40. a7 Kg7 41. Ke3 g5 0-1

[Event "Madrid-chT 2223"]
[Site "Madrid"]
[Date "2023.02.25"]
[Round "11.2"]
[White "Alonso Garcia, Aaron"]
[Black "Taboas Rodriguez, Daniel"]
[Result "1-0"]
[WhiteElo "2424"]
[BlackElo "2368"]
[PlyCount "103"]
[EventDate "2022.11.20"]
[EventType "team-tourn"]
[EventRounds "14"]
[EventCountry "ESP"]
[SourceTitle "Ajedrez en Madrid"]
[Source "lmi"]
[SourceDate "2022.11.21"]
[SourceVersion "1"]
[SourceVersionDate "2023.03.23"]
[SourceQuality "1"]
[WhiteTeam "Collado Villalba"]
[BlackTeam "Blanco y Negro"]
[WhiteTeamCountry "ESP"]
[BlackTeamCountry "ESP"]

1. e4 e5 2. Nf3 Nc6 3. Bb5 Nf6 4. d3 d6 5. c3 Bd7 6. O-O g6 7. Re1 Bg7 8. d4
O-O 9. Bg5 h6 10. Bh4 Qe8 11. Bxf6 Bxf6 12. d5 Ne7 13. Bxd7 Qxd7 14. c4 Bg7 15.
Nc3 f5 16. b4 f4 17. c5 g5 18. Nd2 g4 19. Nc4 f3 20. g3 h5 21. Qa4 Qd8 22. Nb5
Nc8 23. Qa5 b6 24. Qa6 Rb8 25. cxd6 cxd6 26. Ne3 Bh6 27. Rac1 h4 28. Nc7 hxg3
29. hxg3 Rf7 30. Ne6 Qe8 31. Nxg4 Bxc1 32. Rxc1 Kh8 33. Qf1 Qe7 34. Rc7 Qxc7
35. Nxc7 Rxc7 36. Nf6 Ne7 37. Qh3+ Kg7 38. Nh5+ Kg6 39. Qg4+ Kh6 40. Ng7 Rg8
41. Nf5+ Nxf5 42. Qxg8 Nd4 43. Qf8+ Kh5 44. Kh2 Rh7 45. Qg8 Kh6 46. Kh3 Rg7 47.
Qf8 Kh7 48. Qxd6 Rg5 49. Kh4 Rg6 50. Qe7+ Kg8 51. Qxe5 Ne2 52. d6 1-0

[Event "Madrid-chT 2223"]
[Site "Madrid"]
[Date "2023.02.25"]
[Round "11.4"]
[White "Martin Duque, Jesus"]
[Black "Lang, Zalan Andreas"]
[Result "1-0"]
[WhiteElo "2379"]
[BlackElo "2218"]
[PlyCount "89"]
[EventDate "2022.11.20"]
[EventType "team-tourn"]
[EventRounds "14"]
[EventCountry "ESP"]
[SourceTitle "Ajedrez en Madrid"]
[Source "lmi"]
[SourceDate "2022.11.21"]
[SourceVersion "1"]
[SourceVersionDate "2023.03.23"]
[SourceQuality "1"]
[WhiteTeam "Collado Villalba"]
[BlackTeam "Blanco y Negro"]
[WhiteTeamCountry "ESP"]
[BlackTeamCountry "ESP"]

1. Nf3 Nf6 2. b3 c5 3. Bb2 e6 4. c4 Be7 5. g3 b6 6. Bg2 Bb7 7. O-O O-O 8. e3
Nc6 9. Nc3 a6 10. Qe2 Re8 11. Rfd1 Rc8 12. d4 cxd4 13. exd4 d5 14. Ne5 Na5 15.
Rac1 Bf8 16. f4 g6 17. Na4 dxc4 18. Bxb7 Nxb7 19. bxc4 Na5 20. c5 b5 21. Nb6
Rc7 22. Qf3 Nd5 23. Nxd5 Qxd5 24. Qxd5 exd5 25. Bc3 Nb7 26. c6 b4 27. Bxb4 Bxb4
28. cxb7 Rxb7 29. Rb1 Rb6 30. Kf1 Ba5 31. Nd7 Rbe6 32. Rd3 Re1+ 33. Rxe1 Rxe1+
34. Kf2 Re6 35. Nc5 Rb6 36. Rb3 Rc6 37. Ra3 Bb4 38. Rxa6 Rc8 39. Nd3 Bc3 40.
Ke3 Re8+ 41. Ne5 f6 42. Rxf6 Ra8 43. Rc6 Bb2 44. Rc2 Rxa2 45. Ke2 1-0

[Event "Madrid-chT 2223"]
[Site "Madrid"]
[Date "2023.02.25"]
[Round "11.5"]
[White "Renteria Becerra, Jorge Elicer"]
[Black "Suarez Uriel, Adrian"]
[Result "1/2-1/2"]
[WhiteElo "2209"]
[BlackElo "2373"]
[PlyCount "100"]
[EventDate "2022.11.20"]
[EventType "team-tourn"]
[EventRounds "14"]
[EventCountry "ESP"]
[SourceTitle "Ajedrez en Madrid"]
[Source "lmi"]
[SourceDate "2022.11.21"]
[SourceVersion "1"]
[SourceVersionDate "2023.03.23"]
[SourceQuality "1"]
[WhiteTeam "Blanco y Negro"]
[BlackTeam "Collado Villalba"]
[WhiteTeamCountry "ESP"]
[BlackTeamCountry "ESP"]

1. e4 c5 2. Nf3 d6 3. d4 cxd4 4. Qxd4 Nc6 5. Bb5 Bd7 6. Bxc6 Bxc6 7. Nc3 Nf6 8.
Bg5 e6 9. O-O-O Be7 10. Qd3 Qa5 11. h4 O-O 12. Nd4 Rfc8 13. f4 Rab8 14. f5 e5
15. Bxf6 Bxf6 16. Nb3 Qb6 17. Qxd6 Rd8 18. Qc5 Rxd1+ 19. Kxd1 Qd8+ 20. Kc1 Bxh4
21. Qxe5 Qg5+ 22. Kb1 Bg3 23. Qd4 Re8 24. Qd3 Be5 25. Qh3 h6 26. Nd5 Bg3 27. f6
Rxe4 28. Ne7+ Kh7 29. Qc8 Rxe7 30. fxe7 Qxe7 31. Qf5+ g6 32. Qh3 Qe3 33. Nd4
Be4 34. Rf1 f5 35. a3 h5 36. Nf3 Qf4 37. Qh1 Kh6 38. Qg1 Qc7 39. Qe3+ Bf4 40.
Qf2 Qc4 41. Rd1 a5 42. g3 Bxg3 43. Qxg3 Bxc2+ 44. Ka1 Bxd1 45. Qg5+ Kg7 46.
Qe7+ Qf7 47. Qe5+ Qf6 48. Qc7+ Kh6 49. Qc1+ g5 50. Qxd1 h4 1/2-1/2

[Event "Madrid-chT 2223"]
[Site "Madrid"]
[Date "2023.02.25"]
[Round "11.6"]
[White "Quispe Arteaga, Gabriel"]
[Black "Cubillo Muñoz, Miguel"]
[Result "1-0"]
[WhiteElo "2377"]
[BlackElo "2151"]
[PlyCount "139"]
[EventDate "2022.11.20"]
[EventType "team-tourn"]
[EventRounds "14"]
[EventCountry "ESP"]
[SourceTitle "Ajedrez en Madrid"]
[Source "lmi"]
[SourceDate "2022.11.21"]
[SourceVersion "1"]
[SourceVersionDate "2023.03.23"]
[SourceQuality "1"]
[WhiteTeam "Collado Villalba"]
[BlackTeam "Blanco y Negro"]
[WhiteTeamCountry "ESP"]
[BlackTeamCountry "ESP"]

1. c4 c5 2. Nf3 Nf6 3. d4 cxd4 4. Nxd4 Nc6 5. Nc3 g6 6. Nxc6 bxc6 7. g3 Qa5 8.
Bg2 Ba6 9. Bd2 Bxc4 10. Nd5 Qd8 11. Nxf6+ exf6 12. O-O Bg7 13. Bb4 Bf8 14. Bc3
Be7 15. Qa4 Bb5 16. Qf4 O-O 17. Rfd1 d5 18. e4 Qb8 19. Qh6 dxe4 20. Bxe4 Rd8
21. Re1 Qd6 22. Qe3 Bf8 23. a4 Bc4 24. Qf3 f5 25. Bxc6 Bd5 26. Bxd5 Qxd5 27.
Qxd5 Rxd5 28. Rac1 Rb8 29. Be5 Rb6 30. Rcd1 Rxd1 31. Rxd1 f6 32. Bc3 Rd6 33.
Rxd6 Bxd6 34. Bxf6 Kf7 35. Bd4 a6 36. Kf1 Ke6 37. Ke2 Kd5 38. Kd3 h5 39. Bf6
Bc5 40. f3 Bg1 41. h3 Bf2 42. g4 fxg4 43. fxg4 hxg4 44. hxg4 Bc5 45. Bc3 Bf8
46. b4 Be7 47. Bd2 Bd6 48. Kc3 Be5+ 49. Kb3 Bd6 50. Be3 Bc7 51. Bg1 g5 52. Be3
Bd8 53. Bg1 Ke4 54. Kc4 Kf3 55. a5 Bc7 56. Bb6 Bb8 57. b5 axb5+ 58. Kxb5 Kxg4
59. Kc6 Kf3 60. Kb7 Bf4 61. a6 g4 62. a7 Be3 63. a8=Q Bxb6 64. Kxb6+ Kf2 65.
Qf8+ Kg2 66. Kc5 g3 67. Kd4 Kh1 68. Qh6+ Kg1 69. Ke3 g2 70. Kf3 1-0

[Event "Madrid-chT 2223"]
[Site "Madrid"]
[Date "2023.03.05"]
[Round "12.1"]
[White "Vazquez Igarza, Renier"]
[Black "Candela Perez, Jose"]
[Result "1-0"]
[WhiteElo "2540"]
[BlackElo "2299"]
[PlyCount "69"]
[EventDate "2022.11.20"]
[EventType "team-tourn"]
[EventRounds "14"]
[EventCountry "ESP"]
[SourceTitle "Ajedrez en Madrid"]
[Source "lmi"]
[SourceDate "2022.11.21"]
[SourceVersion "1"]
[SourceVersionDate "2023.03.23"]
[SourceQuality "1"]
[WhiteTeam "Collado Villalba"]
[BlackTeam "Alcala de Henares"]
[WhiteTeamCountry "ESP"]
[BlackTeamCountry "ESP"]

1. Nf3 d5 2. d4 Nf6 3. c4 c6 4. e3 a6 5. Nbd2 g6 6. b3 Bg7 7. Bb2 O-O 8. Be2 b5
9. O-O Bb7 10. Qc2 Nbd7 11. Rfd1 Qb6 12. a4 Rfc8 13. c5 Qc7 14. b4 Ne8 15. Ra3
f5 16. Ng5 Nf8 17. f4 Nf6 18. Rda1 h6 19. Ngf3 Ne4 20. Nxe4 fxe4 21. Ne5 Rab8
22. Bc3 Rd8 23. Be1 Kh7 24. Nf7 Re8 25. Bg3 Qd7 26. h3 Kg8 27. Bg4 Ne6 28. Qd1
Kxf7 29. f5 gxf5 30. Bxf5 Rbd8 31. axb5 Bc8 32. Rxa6 Bxa6 33. Rxa6 Rc8 34. Qg4
Bf6 35. Ra7 1-0

[Event "Madrid-chT 2223"]
[Site "Madrid"]
[Date "2023.03.05"]
[Round "12.5"]
[White "Quispe Arteaga, Gabriel"]
[Black "Yañez Rodriguez, Wilbert"]
[Result "1-0"]
[WhiteElo "2376"]
[BlackElo "2103"]
[PlyCount "131"]
[EventDate "2022.11.20"]
[EventType "team-tourn"]
[EventRounds "14"]
[EventCountry "ESP"]
[SourceTitle "Ajedrez en Madrid"]
[Source "lmi"]
[SourceDate "2022.11.21"]
[SourceVersion "1"]
[SourceVersionDate "2023.03.23"]
[SourceQuality "1"]
[WhiteTeam "Collado Villalba"]
[BlackTeam "Alcala de Henares"]
[WhiteTeamCountry "ESP"]
[BlackTeamCountry "ESP"]

1. c4 Nf6 2. Nc3 g6 3. g3 Bg7 4. Bg2 O-O 5. Nf3 d6 6. O-O Nc6 7. d4 a6 8. Bg5
h6 9. Bf4 Rb8 10. Rc1 Bf5 11. d5 Na5 12. Qa4 c5 13. dxc6 Nxc6 14. Rfd1 Nd7 15.
Be3 Be6 16. b3 Re8 17. Nd4 Nxd4 18. Bxd4 Bxd4 19. Rxd4 Qb6 20. Rdd1 Rec8 21.
Bd5 Bh3 22. Qa3 a5 23. Qb2 Nf6 24. Qd2 Kg7 25. Bf3 Be6 26. Ne4 Qc7 27. Nc3 Qc5
28. Nb5 Qb6 29. Nd4 Bd7 30. Qe3 Qd8 31. h4 h5 32. a3 b6 33. Rc3 Rc7 34. Rdc1
Rbc8 35. Qd2 Ra7 36. Bg2 Rac7 37. Qb2 Kg8 38. Qd2 Kg7 39. Nf3 Bc6 40. Qd4 Bxf3
41. exf3 Rc5 42. b4 axb4 43. axb4 Re5 44. R3c2 e6 45. f4 Rf5 46. Bh3 d5 47.
Bxf5 gxf5 48. cxd5 Rxc2 49. Rxc2 Qxd5 50. Qxd5 Nxd5 51. b5 Kf6 52. Rc8 Kg7 53.
Kf1 Ne7 54. Rb8 Nd5 55. Ke1 Kf6 56. Kd2 Ke7 57. Kd3 Kd6 58. Kd4 Ke7 59. Rb7+
Ke8 60. f3 Kf8 61. Rd7 Ke8 62. Rxd5 exd5 63. Kxd5 Kd7 64. Ke5 Kc7 65. Kxf5 Kd6
66. g4 1-0

[Event "Madrid-chT 2223"]
[Site "Madrid"]
[Date "2023.03.05"]
[Round "12.1"]
[White "Garcia Luengo, Leandro"]
[Black "Reyes Larena, Juan"]
[Result "0-1"]
[WhiteElo "2281"]
[BlackElo "2439"]
[PlyCount "66"]
[EventDate "2022.11.20"]
[EventType "team-tourn"]
[EventRounds "14"]
[EventCountry "ESP"]
[SourceTitle "Ajedrez en Madrid"]
[Source "lmi"]
[SourceDate "2022.11.21"]
[SourceVersion "1"]
[SourceVersionDate "2023.03.23"]
[SourceQuality "1"]
[WhiteTeam "San Fernando de Henares"]
[BlackTeam "San Sebastian de los Reyes"]
[WhiteTeamCountry "ESP"]
[BlackTeamCountry "ESP"]

1. e4 e5 2. Nf3 Nc6 3. Bb5 Bc5 4. d3 Nge7 5. c3 O-O 6. O-O d6 7. Be3 Bb6 8. h3
f5 9. Nbd2 fxe4 10. dxe4 Qe8 11. a4 Kh8 12. a5 Bxe3 13. fxe3 a6 14. Bc4 Ng8 15.
b4 Nf6 16. Qe1 Be6 17. Bxe6 Qxe6 18. Qh4 Qe7 19. Rac1 Rae8 20. Kh2 Ng8 21. Qxe7
Rxe7 22. Kg1 Nf6 23. Kf2 Kg8 24. Ke2 Nh5 25. Rfd1 Ref7 26. g4 Ng3+ 27. Kd3 Rxf3
28. Nxf3 Rxf3 29. Rc2 h5 30. Rg2 Nd8 31. Rdg1 h4 32. Rb1 Ne6 33. b5 Nf4+ 0-1

[Event "Madrid-chT 2223"]
[Site "Madrid"]
[Date "2023.03.05"]
[Round "12.2"]
[White "Rottenwohrer Suarez, Juan"]
[Black "Fernandez Blazquez, Diego"]
[Result "1/2-1/2"]
[WhiteElo "2299"]
[BlackElo "2216"]
[PlyCount "77"]
[EventDate "2022.11.20"]
[EventType "team-tourn"]
[EventRounds "14"]
[EventCountry "ESP"]
[SourceTitle "Ajedrez en Madrid"]
[Source "lmi"]
[SourceDate "2022.11.21"]
[SourceVersion "1"]
[SourceVersionDate "2023.03.23"]
[SourceQuality "1"]
[WhiteTeam "San Sebastian de los Reyes"]
[BlackTeam "San Fernando de Henares"]
[WhiteTeamCountry "ESP"]
[BlackTeamCountry "ESP"]

1. d4 Nf6 2. c4 e6 3. g3 d5 4. Bg2 Be7 5. Nf3 O-O 6. O-O dxc4 7. Qc2 a6 8. a4
Bd7 9. Qxc4 Bc6 10. Bg5 Bd5 11. Qc2 Be4 12. Qc1 h6 13. Bxf6 Bxf6 14. Rd1 a5 15.
Nc3 Bxf3 16. Bxf3 c6 17. Ne4 Na6 18. Kg2 Be7 19. Qc4 Qb6 20. Rd2 Rfd8 21. Rad1
Qb4 22. Qxb4 Bxb4 23. Rd3 Rd7 24. Nd2 Bxd2 25. R1xd2 Nb4 26. Rc3 e5 27. e3 exd4
28. Rxd4 Rxd4 29. exd4 Rd8 30. Rc5 b6 31. Rc4 Rd6 32. Be4 g6 33. g4 b5 34. axb5
cxb5 35. Rc5 Rxd4 36. Kf3 Rd2 37. Rxb5 Rxb2 38. Rxa5 Nc2 39. Bxc2 1/2-1/2

[Event "Madrid-chT 2223"]
[Site "Madrid"]
[Date "2023.03.05"]
[Round "12.3"]
[White "Perez Gonzalez, Jose Manuel"]
[Black "Alfaya Marcelo, Roberto"]
[Result "1/2-1/2"]
[WhiteElo "2215"]
[BlackElo "2245"]
[PlyCount "70"]
[EventDate "2022.11.20"]
[EventType "team-tourn"]
[EventRounds "14"]
[EventCountry "ESP"]
[SourceTitle "Ajedrez en Madrid"]
[Source "lmi"]
[SourceDate "2022.11.21"]
[SourceVersion "1"]
[SourceVersionDate "2023.03.23"]
[SourceQuality "1"]
[WhiteTeam "San Fernando de Henares"]
[BlackTeam "San Sebastian de los Reyes"]
[WhiteTeamCountry "ESP"]
[BlackTeamCountry "ESP"]

1. e4 e5 2. Nf3 Nc6 3. Bc4 Nf6 4. d4 exd4 5. O-O Nxe4 6. Re1 d5 7. Bxd5 Qxd5 8.
Nc3 Qd7 9. Nxe4 Be7 10. Bg5 O-O 11. Bxe7 Qxe7 12. Nxd4 Bd7 13. Nb3 Rad8 14.
Nec5 Bc8 15. Rxe7 Rxd1+ 16. Rxd1 Nxe7 17. f3 b6 18. Nd3 Rd8 19. Nf2 Rxd1+ 20.
Nxd1 Nd5 21. Kf2 Nb4 22. Nd4 Nxa2 23. Nb5 Nb4 24. c3 Na6 25. Nxa7 Bd7 26. Ne3
Kf8 27. Nd5 b5 28. Ke3 c6 29. Nb6 Ke7 30. c4 Be8 31. cxb5 cxb5 32. Nbc8+ Ke6
33. Kd4 Nb4 34. f4 f5 35. g3 h6 1/2-1/2

[Event "Madrid-chT 2223"]
[Site "Madrid"]
[Date "2023.03.05"]
[Round "12.4"]
[White "Quevedo Marin, Manuel"]
[Black "Garrido Olivares, Ricard"]
[Result "1-0"]
[WhiteElo "2183"]
[BlackElo "2203"]
[PlyCount "94"]
[EventDate "2022.11.20"]
[EventType "team-tourn"]
[EventRounds "14"]
[EventCountry "ESP"]
[SourceTitle "Ajedrez en Madrid"]
[Source "lmi"]
[SourceDate "2022.11.21"]
[SourceVersion "1"]
[SourceVersionDate "2023.03.23"]
[SourceQuality "1"]
[WhiteTeam "San Sebastian de los Reyes"]
[BlackTeam "San Fernando de Henares"]
[WhiteTeamCountry "ESP"]
[BlackTeamCountry "ESP"]

1. d4 d5 2. c4 e6 3. Nf3 Nf6 4. g3 dxc4 5. Bg2 a6 6. Ne5 Bb4+ 7. Nc3 Nd5 8. O-O
O-O 9. Ne4 c3 10. bxc3 Bxc3 11. Nxc3 Nxc3 12. Qc2 Qxd4 13. Bb2 Qxe5 14. Bxc3
Qc5 15. Qb2 Qb5 16. Bxg7 Qxb2 17. Bxb2 Re8 18. Rac1 c6 19. Rfd1 Nd7 20. Rc4 Nf8
21. f4 f5 22. Bf3 Kf7 23. e4 Ng6 24. e5 Re7 25. Rcd4 Rc7 26. Ba3 Ne7 27. Bh5+
Ng6 28. Bc5 b5 29. Rd8 a5 30. Rf8+ Kg7 31. Bxg6 hxg6 32. Rdd8 b4 33. Bd6 Rb7
34. Rxc8 Rxc8 35. Rxc8 Rb6 36. Bc5 Rb5 37. Rxc6 a4 38. Bd4 Rd5 39. Rc7+ Kh6 40.
Rc4 b3 41. axb3 axb3 42. Rb4 g5 43. Kf2 b2 44. Bxb2 Rd2+ 45. Ke3 Rxh2 46. fxg5+
Kxg5 47. Kf3 Rd2 1-0

[Event "Madrid-chT 2223"]
[Site "Madrid"]
[Date "2023.03.05"]
[Round "12.5"]
[White "Jimenez Lopez, Antonio"]
[Black "Martinez Fernandez, Raul"]
[Result "1/2-1/2"]
[WhiteElo "2236"]
[BlackElo "2255"]
[PlyCount "64"]
[EventDate "2022.11.20"]
[EventType "team-tourn"]
[EventRounds "14"]
[EventCountry "ESP"]
[SourceTitle "Ajedrez en Madrid"]
[Source "lmi"]
[SourceDate "2022.11.21"]
[SourceVersion "1"]
[SourceVersionDate "2023.03.23"]
[SourceQuality "1"]
[WhiteTeam "San Fernando de Henares"]
[BlackTeam "San Sebastian de los Reyes"]
[WhiteTeamCountry "ESP"]
[BlackTeamCountry "ESP"]

1. e4 e5 2. Nf3 Nc6 3. d4 exd4 4. Nxd4 Nf6 5. Nxc6 bxc6 6. e5 Qe7 7. Qe2 Nd5 8.
c4 Ba6 9. Nd2 O-O-O 10. b3 f6 11. Qe4 Nb6 12. Bb2 fxe5 13. Be2 Kb8 14. O-O Re8
15. a4 d5 16. Qc2 e4 17. a5 Nd7 18. b4 e3 19. Nf3 dxc4 20. Rac1 exf2+ 21. Rxf2
Qe3 22. Bd4 Qe4 23. Bxc4 Qxc2 24. Rfxc2 Bxc4 25. Rxc4 Rg8 26. Rxc6 Bd6 27. b5
Ne5 28. Nxe5 Bxe5 29. Bf2 Rgf8 30. b6 axb6 31. axb6 Rf7 32. bxc7+ Rxc7 1/2-1/2

[Event "Madrid-chT 2223"]
[Site "Madrid"]
[Date "2023.03.05"]
[Round "12.6"]
[White "Hernandez Ramos, David"]
[Black "Gallego Bergada, Antoni"]
[Result "0-1"]
[WhiteElo "2096"]
[BlackElo "2138"]
[PlyCount "148"]
[EventDate "2022.11.20"]
[EventType "team-tourn"]
[EventRounds "14"]
[EventCountry "ESP"]
[SourceTitle "Ajedrez en Madrid"]
[Source "lmi"]
[SourceDate "2022.11.21"]
[SourceVersion "1"]
[SourceVersionDate "2023.03.23"]
[SourceQuality "1"]
[WhiteTeam "San Sebastian de los Reyes"]
[BlackTeam "San Fernando de Henares"]
[WhiteTeamCountry "ESP"]
[BlackTeamCountry "ESP"]

1. d4 f5 2. g3 e6 3. c4 Nf6 4. Bg2 Be7 5. Nc3 d5 6. Nh3 c6 7. O-O O-O 8. b3 Qe8
9. a4 Bb4 10. Qc2 a5 11. Na2 Bd6 12. c5 Bc7 13. b4 axb4 14. Nxb4 e5 15. dxe5
Bxe5 16. Ra3 Qe7 17. Nd3 Bc7 18. Bb2 Na6 19. Bd4 Bb8 20. e3 Nc7 21. Bb2 Ne6 22.
Nhf4 Ne4 23. Nxe6 Qxe6 24. Rd1 Qe7 25. Bd4 Bc7 26. Rda1 Ra5 27. Qb2 Rf7 28. Rc1
Ra8 29. Ra2 Rf8 30. Nf4 Rf7 31. Bf3 Ra5 32. Nd3 Rf8 33. Bg2 Rf7 34. Qb4 Rf8 35.
Rac2 Rf7 36. Be5 Ra8 37. Bxc7 Qxc7 38. a5 Qe7 39. Bf1 Ng5 40. Bg2 Ne4 41. Qd4
g5 42. f4 g4 43. Ne5 Rf6 44. Bxe4 dxe4 45. Ra1 Be6 46. Re2 Bd5 47. Qb4 Rff8 48.
Rb2 Ra7 49. Ra3 Rfa8 50. Rb1 Qe6 51. Rba1 Qe7 52. Kf2 Qe6 53. Kg2 Qe7 54. Rh1
Qc7 55. Rha1 Qe7 56. Qb6 Ra6 57. Qb4 R6a7 58. h4 gxh3+ 59. Kxh3 Qe8 60. Kg2 Qh5
61. Qd2 Qe8 62. Qc3 Rd8 63. a6 Rxa6 64. Rxa6 bxa6 65. Rxa6 Rb8 66. Ra7 Qh5 67.
g4 fxg4 68. Ra1 Qh3+ 69. Kg1 Rb3 70. Ra8+ Kg7 71. Ra7+ Kh6 72. Nf7+ Kh5 73. Ng5
Rb1+ 74. Kf2 Qh2# 0-1